Loading...
| Literature - World | 2 | 6 | 0 | 0 | 90 | 29 | 85.50 | 6 | 8 | 31.25 | 70.00 |
| Literature - British | 0 | 7 | 0 | 0 | 70 | 77 | 97.71 | 4 | 7 | 20.36 | 57.50 |
| History - World | 0 | 7 | 1 | 2 | 65 | 76 | 97.86 | 1 | 7 | 15.13 | 36.36 |
| Literature - European | 1 | 5 | 1 | 0 | 60 | 53 | 103.83 | 3 | 6 | 15.85 | 47.50 |
| Fine Arts - Other | 0 | 6 | 0 | 2 | 60 | 85 | 118.00 | 2 | 5 | 9.96 | 37.50 |
| History - American | 1 | 4 | 0 | 1 | 55 | 51 | 90.60 | 2 | 5 | 14.81 | 42.50 |
| Philosophy | 0 | 5 | 1 | 1 | 45 | 104 | 112.40 | 3 | 5 | 8.43 | 37.50 |
| History - European | 1 | 3 | 1 | 1 | 40 | 50 | 80.00 | 0 | 3 | 14.72 | 25.00 |
| History - Other | 0 | 4 | 1 | 1 | 35 | 78 | 91.25 | 0 | 4 | 15.60 | 25.00 |
| Literature - American | 0 | 4 | 2 | 0 | 30 | 101 | 118.25 | 0 | 3 | 7.35 | 25.00 |
| Fine Arts - Auditory | 0 | 3 | 0 | 0 | 30 | 80 | 94.67 | 2 | 3 | 8.79 | 27.50 |
| Mythology | 0 | 3 | 2 | 0 | 20 | 67 | 84.00 | 0 | 3 | 11.67 | 22.22 |
| Fine Arts - Visual | 0 | 2 | 1 | 1 | 15 | 93 | 110.00 | 1 | 2 | 4.58 | 15.00 |
| Science - Chemistry | 1 | 0 | 0 | 0 | 15 | 68 | 68.00 | 0 | 1 | 4.96 | 7.50 |
| Other Academic | 0 | 1 | 0 | 0 | 10 | 94 | 94.00 | 1 | 1 | 12.99 | 37.50 |
| Pop Culture | 0 | 1 | 0 | 0 | 10 | 110 | 110.00 | 1 | 1 | 7.69 | 33.33 |
| Religion- Edited | 0 | 1 | 0 | 0 | 10 | 114 | 114.00 | 0 | 1 | 16.79 | 50.00 |
| Science - Biology | 0 | 1 | 0 | 1 | 10 | 100 | 100.00 | 1 | 1 | 1.94 | 10.00 |
| Social Science- Edited | 0 | 1 | 0 | 0 | 10 | 114 | 114.00 | 0 | 1 | 2.56 | 50.00 |
| Mythology- Edited | 0 | 1 | 0 | 0 | 10 | 121 | 121.00 | 0 | 1 | 12.95 | 75.00 |
| Science - Other | 0 | 1 | 0 | 0 | 10 | 85 | 85.00 | 1 | 1 | 2.74 | 10.00 |
| Geography | 0 | 1 | 0 | 0 | 10 | 83 | 83.00 | 1 | 1 | 12.21 | 33.33 |
| Religion | 0 | 1 | 1 | 0 | 5 | 125 | 125.00 | 1 | 1 | 1.73 | 11.11 |
| Social Science | 0 | 0 | 1 | 0 | -5 | 0.00 | 0 | 0 | 0.00 | 0.00 |